Train your brain for success : read smarter, remember more and break your own records.
| Main Author: | |
|---|---|
| Format: | Book |
| Published: |
Hoboken, New Jersey:
John Wiley and Sons,
2012.
|
| Subjects: |
| LEADER | 00548cam a2200181 7i4500 | ||
|---|---|---|---|
| 001 | 0000028422 | ||
| 005 | 20121002090000.0 | ||
| 020 | 0 | 0 | |a 9781118275191 |
| 090 | 0 | 0 | |a B 153.14 |b SEI |
| 100 | 1 | 0 | |a Seip |
| 245 | 1 | 0 | |a Train your brain for success : |b read smarter, remember more and break your own records. |
| 260 | 0 | 0 | |a Hoboken, New Jersey: |b John Wiley and Sons, |c 2012. |
| 300 | # | # | |a 238 p. |
| 650 | 0 | 0 | |a Mnemonics |
| 650 | 0 | 0 | |a Memory |
| 650 | 0 | 0 | |a Speed reading |
| 650 | 0 | 0 | |a Reading comprehension |
| 999 | |a B000031898 |b Book |c Book |e Business Information Centre | ||


